Majú dopravcovia a špeditéri dôvod na optimizmus?

Rast ekonomiky, podiel cestnej dopravy, zvyšovanie nákladov a súčasný tlak na ceny autodopravcov. Požiadavky klientov na kvalitné logistické služby za priemerané ceny. Súčasný obraz logistiky na Slovensku.

Salvato in:
Dettagli Bibliografici
Autore principale: Valchovičová, Viktória
Natura: Capitolo di libro
Lingua:slovacco
Soggetti:
Tags: Aggiungi Tag
Nessun Tag, puoi essere il primo ad aggiungerne!!

MARC

LEADER 00000naa a2200000 4500
001 0189020
005 20231011123548.0
041 0 |a slo 
044 |a SK 
245 1 0 |a Majú dopravcovia a špeditéri dôvod na optimizmus?  |c Viktória Valchovičová 
520 |a Rast ekonomiky, podiel cestnej dopravy, zvyšovanie nákladov a súčasný tlak na ceny autodopravcov. Požiadavky klientov na kvalitné logistické služby za priemerané ceny. Súčasný obraz logistiky na Slovensku. 
610 2 0 |a Slovensko 
610 2 0 |a služby logistické 
610 2 0 |a centrá logistické 
610 2 0 |a manažment logistický 
610 2 0 |a reťazce dodávateľsko-odberateľské 
610 2 0 |a stratégia logistická 
100 1 |a Valchovičová, Viktória